| 000 | 00470nam a22001577a 4500 | ||
|---|---|---|---|
| 020 | _a9789692208182 | ||
| 082 |
_a297.33 _bAZE |
||
| 100 | _aAzeemi, Khawaja Shams Ul Deen | ||
| 245 |
_aRoohani Ilaaj / _cKhawaja Shams Ul Deen Azeemi |
||
| 260 |
_aKarachi : _bAzeemi University Press, _c2022. |
||
| 300 |
_a142 p. ; _c18 cm. |
||
| 563 | _aPBK. | ||
| 650 |
_aاسلام اور اذکار _9113875 |
||
| 880 |
_6245-02\r _aروحانی علاج |
||
| 942 |
_2ddc _cBK |
||
| 999 |
_c595036 _d595036 |
||